Príspevok k rozboru vlastností impulzných signálov : Kand.diz.práca : V.odb. 26-08-9 : Obh. 13.01.1982 /

Salvato in:
Dettagli Bibliografici
Autore principale: Czeglédi, Imrich (Autore)
Altri autori: Petrík, Teodor (Relatore della tesi)
Natura: Manoscritto Libro
Pubblicazione: Bratislava : SVŠT v Bratislave EF, 1981
Soggetti:
Tags: Aggiungi Tag
Nessun Tag, puoi essere il primo ad aggiungerne!!

MARC

LEADER 00000ntm a22000003a 4500
001 stu5323
005 20150617225811.3
008 ------s1981----------------------------d
040 |a STU  |b slo 
041 0
100 1 |a Czeglédi, Imrich  |4 aut 
245 1 |a Príspevok k rozboru vlastností impulzných signálov :  |b Kand.diz.práca : V.odb. 26-08-9 : Obh. 13.01.1982 /  |c [aut.] Czeglédi,Imrich, Ing.; Škol. Petrík,Teodor 
260 |a Bratislava :  |b SVŠT v Bratislave EF,  |c 1981 
300 |a 100 s  |c Autoref.1981, 14 s 
650 7 |a oznamovacia technika vo vedeniach  |2 stusub 
700 1 |a Petrík, Teodor  |4 ths 
996 |b 284ED00222  |c E*KDIZ-334  |l EE01  |s A  |a 24  |w stu5323_0001